| 000 | 00530nam a2200217Ia 4500 | ||
|---|---|---|---|
| 008 | 160803s9999 xx 000 0 und d | ||
| 020 | _a0 439757126 | ||
| 100 | _aCarangelo, Audrey | ||
| 245 | _aHow unusual! / | ||
| 245 | _cAudrey Carangelo. | ||
| 260 | _aNew York : | ||
| 260 | _bScholastic Inc. | ||
| 260 | _c2006 | ||
| 300 | _a16 pages : | ||
| 300 | _bcolor illustrations ; | ||
| 300 | _c23 cm. | ||
| 440 | _aScholastic FX books ; | ||
| 440 | _vbk. 5 | ||
| 650 | _aCuriosities and wonders. | ||
| 700 | _a260 | ||
| 999 |
_c299396 _d299396 |
||